000 00338nam a2200133Ia 4500
008 150201s2005 xx 000 0 und d
082 _a613
_bP05M
100 _aMUKHOPADYAYA,K
245 _aPRACTICAL PHARMACOLOGY FOR UG WITH MCQ'S
250 _a1ST
260 _bJAYPEE BROTHERS
_aDELHI
_c2005
650 _aPHARMACOLOGY
942 _2ddc
_cBK
999 _c1027
_d1027